| 000 | 00820nam a2200253Ia 4500 | ||
|---|---|---|---|
| 003 | OSt | ||
| 005 | 20221005034541.0 | ||
| 006 | a|||||r|||| 00| 0 | ||
| 007 | ta | ||
| 008 | 221004b |||||||| |||| 00| 0 urd d | ||
| 020 |
_a9789386624956 (hbk) _cINR 100.00 |
||
| 024 | _a36349 | ||
| 037 |
_b5173, 07/03/2018, Kitabi Duniya _cTextual |
||
| 040 |
_aCRL _cCRL _burd |
||
| 041 |
_2urd _aurd |
||
| 082 | _aO168,1:gv7311, Q7 | ||
| 100 |
_aHarganvi Manazir Ashiq Au. _9179662 |
||
| 245 | 0 |
_aNew York mein Urdu ghazal _b Mamun Aiman ke hawale se |
|
| 260 |
_aDelhi _bEducational publishing house India _c2017 |
||
| 300 |
_a72p. _ccm. |
||
| 650 | _aURDU POETRY | ||
| 942 |
_hO168,1:gv7311, Q7 _cTEXL _2cc |
||
| 999 |
_c943590 _d943590 |
||